| 000 -ლიდერი |
| ფიქსირებული სიგრძის საკონტროლო ველი |
00897nam a22002057a 4500 |
| 003 - საკონტროლო ნომრის იდენტიფიკატორი |
| საკონტროლო ველი |
Ge_BSU |
| 005 - ბოლო ოპერაციის თარიღი და დრო |
| საკონტროლო ველი |
20220218111904.0 |
| 008 - ფიქსირებული სიგრძის მონაცემთა ელემენტები - ზოგადი ინფორმაცია |
| ფიქსირებული სიგრძის საკონტროლო ველი |
220218s2012ge xxu||||| |||| 00| 0 geo d |
| 020 ## - წიგნის საერთაშორისო სტანდარტული ნომერი |
| International Standard Book Number |
9789941021473 |
| 041 ## - ენის კოდი |
| Language code of text/sound track or separate title |
geo |
| 080 ## - უნივერსალური ათობითი კლასიფიკაციის ინდექსი |
| Universal Decimal Classification number |
796(479.223)(084.12) ჯ-50 |
| 100 ## - მთავარი ჩანაწერი - პიროვნების სახელი |
| Personal name |
ჯიოშვილი, ლევან. |
| 9 (RLIN) |
4869 |
| 245 ## - ცნობა სათაურის შესახებ |
| Title |
სპორტი აჭარაში : |
| Remainder of title |
[ფოტოალბომი] / |
| Statement of responsibility, etc |
ლევან ჯიოშვილი ; პროექტის ავტორი და მთავარი რედაქტორი |
| 264 ## - წარმოების, გამოცემის, დისტრიბუციის და სხვა ცნობები |
| გამოცემის, წარმოების, დისტრიბუციის... ადგილი |
ბათუმი : |
| გამოცემის, წარმოების, დისტრიბუციის... სახელწოდება |
ალიონი, |
| გამოცემის, წარმოების, დისტრიბუციის... თარიღი |
2012. |
| 300 ## - ფიზიკური აღწერა |
| Extent |
496 გვ. : |
| Other physical details |
ფოტ. ; |
| Dimensions |
31 სმ. |
| 504 ## - BIBLIOGRAPHY, ETC. NOTE |
| Bibliography, etc |
ბიბლიოგრ.: გვ. 493. |
| 653 ## - INDEX TERM--UNCONTROLLED |
| Uncontrolled term |
სპორტი აჭარაში ფოტოალბომები. |
| 653 ## - INDEX TERM--UNCONTROLLED |
| Uncontrolled term |
სპორტი |
| 942 ## - ADDED ENTRY ELEMENTS (KOHA) |
| Source of classification or shelving scheme |
|
| Koha item type |
წიგნი |